000 01123nam a2200313Ia 4500
003 OSt
005 20221007123344.0
006 a|||||r|||| 00| 0
007 ta
008 221006b |||||||| |||| 00| 0 eng d
020 _a0521657334 (pbk)
_cRs.850.00
024 _a8872
037 _bUnilib,
_cTextual
040 _aPAPL
_cPAPL
_beng
041 _2eng
_aeng
082 _aC9B3, P1
100 _aCottingham W N
_9717125
245 0 _a<An>Introduction to nuclear physics by W N Cottingham and D A Greenwood
_b Greenwood D A
250 _aEd 2
260 _aCambridge
_bCambridge University Press
_c2001
300 _axv, 271p
_ccm.
500 _aAppendix A-D, 222-244p; Index 267-271p; ^n23/CSL/CARPA/2001-2002/837^d2002-02-08^mPurchase; ; 2001-2002/465^b2002-02-20^c217^d2002-02-14^eRs.765.00^fUnilib Book Distributors; ; 2002-02-23^bSB^c2002-04-19^dRPS
650 _a Atomic molecular
650 _a Nuclear
_9340612
650 _aPhysics
700 _a Greenwood D A
_9717126
942 _hC9B3, P1
_cTEXL
_2CC
999 _c1211738
_d1211738